000 00742nam a22002417a 4500
999 _c5082
_d5082
003 AR-CdUCM
008 190311b ||||| |||| 00| 0 spa d
040 _aMUNICIPALIDAD PROVINCIAL DEL CUSCO
_cBIBLIOTECA MUNICIPAL DEL CUSCO
082 _a869.56 /
_bB982
100 _aBustamante, Cecilia
_912050
245 _aTres poetas :
_bAntologia /
260 _aPerú :
_bEdic.Pro-Hombre,
_c1956.
300 _a60 paginas ;
_bilustaciones,
_c21 cm.
500 _aDonación familia Nieto
505 _aContenido :Poemas /
650 _aLiteratura peruana
_9169
650 _aPoemas
_9929
650 _aSiglo XX
_98
700 _aBacacorzo, Jorge
_912052
700 _aCorcuera, Arturo (coautores)
_915481
942 _2ddc
_cLIBROS
945 _arjall